Revista Nova tesis (Record no. 4343)
[ view plain ]
| 000 -CABECERA | |
|---|---|
| campo de control de longitud fija | 00519nam a22001457a 4500 |
| 022 ## - NUMERO INTERNACIONAL NORMALIZADO PARA PUBLICACIONES SERIADAS (ISSN) | |
| International Standard Serial Number | 16687582 |
| 080 ## - NUMERO DE CLASIFICACION DECIMAL UNIVERSAL (CDU) | |
| Número de la Clasificación Decimal Universal | 340.1 R 327 |
| 245 ## - MENCION DE TITULO | |
| Título propiamente dicho | Revista Nova tesis |
| 260 ## - PUBLICACION, DISTRIBUCION, ETC. (PIE DE IMPRENTA) | |
| Lugar de publicación, distribución, etc. | Buenos Aires |
| Nombre del editor, distribuidor, etc. | Nova Tesis |
| Fecha de publicación, distribución, etc. | 2006 |
| 300 ## - DESCRIPCION FISICA | |
| Extensión | 84 P. |
| 650 ## - ASIENTO SECUNDARIO DE MATERIA - TERMINO TEMATICO | |
| Fuente del encabezamiento o término | Tesauro de Biblioteconomía y Documentación |
| Subdivisión general | derecho penal |
| -- | derecho procesal penal |
| -- | accidentes de transito |
| -- | accidente de trabajo |
| -- | daños |
| -- | derecho del consumidor |
| -- | responsabilidad civil |
| -- | legítima defensa |
| -- | modelos |
| 760 ## - ASIENTO DE SERIE PRINCIPAL | |
| Asiento principal | Doctrina y Jurisprudencia |
| Número Internacional Normalizado para Publicaciones Seriadas | Nª 5- Nª 6- Nª 7 |
| 942 ## - ELEMENTOS AGREGADOS (KOHA) | |
| Fuente de clasificación | |
| 945 ## - INFORMACION DE PROCESAMIENTO LOCAL | |
| Responsable de cargamodificación | Celeste Delía |
| Fecha de carga/modificación | 2016-08-04 |
| Retirado | Perdido | Dañado | No se presta | Ubicación permanente | Locación actual | Estante o sala | Fecha de adquisición | Enumeración, cronología para publ. seriadas | Signatura topográfica | Inventario | Ultima fecha vista | Tipo de item de Koha |
|---|---|---|---|---|---|---|---|---|---|---|---|---|
| Bib. Derecho | Bib. Derecho | Biblioteca Graduados | 04/08/2016 | Nª 5- Abril 2006- IV | 340.1 R 327 | 1618 | 04/08/2016 | Publicación periódica | ||||
| Bib. Derecho | Bib. Derecho | Biblioteca Graduados | 04/08/2016 | Nª 6- Mayo 2006- II | 340.1 R 327 | 1619 | 04/08/2016 | Publicación periódica | ||||
| Bib. Derecho | Bib. Derecho | Biblioteca Graduados | 04/08/2016 | Nª 7- Setiembre 2006 | 340.1 R 327 | 1620 | 04/08/2016 | Publicación periódica |
